000 00652cab a2200217 4500
001 WB3221-21
008 090401t1996 xxu||||| |||| 00| 0 eng d
035 _a(Sirsi) u13872
041 _aeng
245 _aCapital receipts windfall
260 _c1996
350 _a0
490 _aBuilding
_v261(7943) 31 May 1996, 7(1)
520 _aRelease of local authorities` capital receipts could free up £4bn for investment in new homes, according to a report by KPMG for the Chartered Institute of Housing.
650 _aCAPITAL RECEIPTS
650 _aCIH
650 _aLOCAL AUTHORITIES
690 _aHOUSING
942 _n0
948 _c04/03/1997
999 _c8958
_d8958